| 000 | 00958ntm a22003617a 4500 | ||
|---|---|---|---|
| 005 | 20200813164441.0 | ||
| 008 | 200813b xxu||||| |||| 00| 0 spa d | ||
| 020 | _a9788426727152 | ||
| 041 | _aspa | ||
| 082 | _a004.67 N736a5 | ||
| 100 |
_aNixon, Robin _957834 |
||
| 245 | _aAprender PHP, MySQL y JavaScript: con jQuery, CSS y HTML5 | ||
| 250 | _a5 edición | ||
| 260 | _aEspaña | ||
| 260 | _bMarcombo | ||
| 260 | _c2019 | ||
| 300 | _a786 páginas | ||
| 505 | _aIncluye aplicaciones web y móviles | ||
| 650 |
_aPROGRAMACIÓN _9686 |
||
| 650 |
_aPHP _96516 |
||
| 650 |
_aMYSQL _96654 |
||
| 650 |
_aJAVASCRIPT _96515 |
||
| 650 |
_aCSS _96519 |
||
| 650 |
_aHTML5 _96634 |
||
| 650 |
_aSERVIDOR DE DESARROLLO _957835 |
||
| 650 |
_aCONTROL DE FLUJO _912235 |
||
| 650 |
_aMATRICES _9633 |
||
| 650 |
_aFORMULARIOS _9910 |
||
| 650 |
_aCOOKIES _957836 |
||
| 650 |
_aCOMUNICACIÓN ASÍNCRONA _957837 |
||
| 650 |
_aJQUERY _957838 |
||
| 942 | _cBK | ||
| 999 |
_c12642 _d12642 |
||